| 000 | 00589nam a2200217 u 4500 | ||
|---|---|---|---|
| 005 | 20231026063637.0 | ||
| 008 | 130813s2011 es r 000 0 spa d | ||
| 020 | _a9788478845002 | ||
| 035 | _aUPN01000192209 | ||
| 049 | _aCG | ||
| 050 | 4 |
_aPQ8520.13 H3.9 _bA6.9 |
|
| 100 | 1 |
_aChavarría, Daniel, _d1933- _933982 |
|
| 245 | 1 | 0 |
_aAquel año en Madrid / _cDaniel Chavarría. |
| 260 |
_aMadrid : _bPopular, _c2011. |
||
| 300 | _a290 p. | ||
| 440 | 0 |
_aLetra grande ; _v5 _pNovela |
|
| 650 | 0 |
_aNovela uruguaya _95074 |
|
| 650 | 4 |
_aAmor _vNovela _9397 |
|
| 905 | _aLibro | ||
| 999 |
_c164312 _d164312 |
||